Journal of commerce & accounting research

Detalles Bibliográficos
Formato: Electrónico Revista
Lenguaje:inglés
Publicado: New Delhi, India : Publishing India Group, 2012-
Materias:
Acceso en línea:Full text available from Research Library: 01/01/2012 to 1 year ago

MARC

LEADER 00000nas a2200000 i 4500
001 ssj0001366256
003 WaSeSS
005 20200512172242.0
006 m d
007 cr n
008 141030c20129999ii qr p|s|||||| |0eng d
022 |a 2320-4990  |l 2277-2146  |y 2277-2146 
035 |a (WaSeSS)ssj0001366256 
040 |a WaSeSS  |b eng  |c WaSeSS  |d WaSeSS 
050 4 |a HD30.4 
210 0 |a J. commer. account. res.  |b (Online) 
222 0 |a Journal of commerce and accounting research  |b (Online) 
245 0 0 |a Journal of commerce & accounting research  |h [electronic resource]. 
246 1 |a Journal of commerce and accounting research 
260 |a New Delhi, India :  |b Publishing India Group,  |c 2012- 
310 |a Quarterly 
362 1 |a Began with Volume 1, Issue 1 (January 2012). 
506 |a License restrictions may limit access. 
588 |a Description based on: Volume 1, Issue 1 (January 2012); title from article pdf (ProQuest, viewed Oct. 30, 2014). 
588 |a Latest issue consulted: Volume 3 (1) (2014) (viewed Oct. 30, 2014). 
650 0 |a Business  |x Research  |v Periodicals. 
650 0 |a Accounting  |x Research  |v Periodicals. 
655 0 |a Electronic journals. 
776 0 8 |i Print version:  |t Journal of commerce & accounting research  |x 2277-2146 
856 4 0 |z Full text available from Research Library: 01/01/2012 to 1 year ago  |u https://search.proquest.com/publication/2030934